| 000 | 00641nam a2200217 a 4500 | ||
|---|---|---|---|
| 999 |
_c4092 _d4092 |
||
| 001 | 4092 | ||
| 003 | BD-JhCC | ||
| 005 | 20220110134022.0 | ||
| 008 | 171120s1985 eng |||| |||| 000 0 eng d | ||
| 035 | _a(BD-JhCC) | ||
| 040 |
_aBD-JhCC _dBD-JhCC |
||
| 041 | _aben | ||
| 082 |
_a500 _bFIE 1985 |
||
| 100 | _aField, E. E. | ||
| 245 |
_aThe Young Discovers / _cDr. E. E. Field |
||
| 260 |
_aঢাকা: _bকেন্দ্রীয় বাঙলা উন্নয়ন বোর্ড _c১৯৭০ |
||
| 300 |
_a112 p.; _c20 cm |
||
| 490 | _aA simple geography series for reading and study | ||
| 650 | _aScience | ||
| 942 |
_2ddc _cBK _01 |
||